[Event "Challenge"]
[Site "http://www.queenalice.com/game.php?id=1010237"]
[Date "2011.11.19"]
[Round "-"]
[White "attiliottone"]
[Black "Quartet"]
[Result "0-1"]
[WhiteElo "1181"]
[BlackElo "1346"]

1. e4 e5 2. Nf3 d6 3. Bc4 h6 4. b4 Nf6 5. d3 d5 6. Bb5+ Bd7 7. Bxd7+ Nbxd7 8.
Bb2 Bd6 9. a3 dxe4 10. dxe4 Nxe4 11. Qd5 Nef6 12. Qxb7 O-O 13. Nc3 Qb8 14. Qc6
a5 15. Qxd6 cxd6 16. O-O axb4 17. a4 bxc3 18. Bxc3 Rc8 19. Ra3 Nc5 20. a5 Nce4
21. Ba1 Rxc2 22. Rb3 Qxb3 23. Rb1 Qxb1+ 24. Ne1 Qxe1# 0-1

[Event "Challenge"]
[Site "http://www.queenalice.com/game.php?id=1011543"]
[Date "2011.11.23"]
[Round "-"]
[White "Quartet"]
[Black "TheBigBaluba"]
[Result "1-0"]
[WhiteElo "1372"]
[BlackElo "1392"]

1. e4 e6 2. e5 Nc6 3. d4 f6 4. Nf3 d5 5. Bb5 Ne7 6. exf6 gxf6 7. Bxc6+ Nxc6 8.
O-O e5 9. dxe5 fxe5 10. Re1 Bg7 11. Nd4 Nxd4 12. Qxd4 Qd6 13. Qd1 Be6 14. Qh5+
Bf7 15. Qg4 Qg6 16. Qxg6 Bxg6 17. Bf4 O-O-O 18. Bxe5 Bxe5 19. Rxe5 Bxc2 20. Na3
Bg6 21. Nb5 a6 22. Nd4 Kb8 23. Rae1 c5 24. Ne6 Rde8 25. Rxd5 Bf7 26. Rd6 Bxe6
27. Rdxe6 Rxe6 28. Rxe6 Rd8 29. f4 Rd2 30. f5 Rd8 31. Re1 Rf8 32. Rf1 h5 33. g3
b5 34. b3 a5 35. Kg2 Kc7 36. Kh3 Kd6 37. Kh4 Ke5 38. Kg5 c4 39. f6 c3 40. f7 c2
41. Kg6 Kd4 42. Kg7 Rxf7+ 43. Kxf7 Kc3 44. Kg6 Kb2 45. Kxh5 c1=Q 46. Rxc1 Kxc1
47. g4 Kb2 48. g5 Kxa2 49. g6 Kxb3 50. g7 Kc4 51. g8=Q+ Kc5 52. Qa2 a4 53. Qa3+
Kc4 54. Kg5 b4 55. Qxa4 1-0

[Event "Challenge"]
[Site "http://www.queenalice.com/game.php?id=1012881"]
[Date "2011.11.26"]
[Round "-"]
[White "rochaviolao"]
[Black "Quartet"]
[Result "0-1"]
[WhiteElo "1309"]
[BlackElo "1414"]

1. e4 e5 2. d4 exd4 3. c3 dxc3 4. Nxc3 Bb4 5. Bd2 Nf6 6. e5 Bxc3 7. Bxc3 Qe7 8.
Nf3 d6 9. Qe2 Nd5 10. Bd4 dxe5 11. Qxe5 Qxe5+ 12. Bxe5 O-O 13. Bc4 Nb4 14. O-O
c6 15. a3 Nd5 16. Rae1 b5 17. Ba2 b4 18. Bd6 Rd8 19. Bxb4 Ba6 20. Bxd5 cxd5 21.
Re8+ Rxe8 22. Rd1 Nc6 23. Rxd5 Nxb4 24. axb4 Rac8 25. g3 Bb7 0-1

[Event "Mo' me impegno"]
[Site "http://www.queenalice.com/game.php?id=1013775"]
[Date "2011.11.29"]
[Round "-"]
[White "TheBigBaluba"]
[Black "Quartet"]
[Result "1-0"]
[WhiteElo "1357"]
[BlackElo "1441"]

1. e4 e5 2. Nf3 Nc6 3. Bb5 Nd4 4. Nxd4 exd4 5. O-O Nf6 6. e5 Nd5 7. Qf3 c6 8.
Bc4 Bc5 9. Bxd5 cxd5 10. Qxd5 Qb6 11. a3 O-O 12. b4 Be7 13. Bb2 Qc6 14. Qxc6
dxc6 15. Bxd4 a5 16. c3 Bf5 17. f4 Bxb1 18. Rfxb1 axb4 19. axb4 Rxa1 20. Rxa1
Rd8 21. Be3 h6 22. Ra7 Rb8 23. Kf2 g5 24. Bb6 Bd8 25. Bxd8 Rxd8 26. d4 Rd7 27.
Kf3 Kg7 28. f5 h5 29. Ke4 1-0

[Event "Challenge"]
[Site "http://www.queenalice.com/game.php?id=1015014"]
[Date "2011.12.3"]
[Round "-"]
[White "Quartet"]
[Black "ettorekasparov"]
[Result "1-0"]
[WhiteElo "1431"]
[BlackElo "1354"]

1. e4 d5 2. exd5 Qxd5 3. Nc3 Qe6+ 4. Be2 g6 5. Nf3 c5 6. O-O a6 7. Re1 Bh6 8.
Bb5+ Bd7 9. Rxe6 fxe6 10. Bxd7+ Nxd7 11. d4 c4 12. d5 Bg7 13. dxe6 Ndf6 14. Ne5
Rc8 15. Nf7 Rd8 16. Qxd8# 1-0

[Event "Challenge"]
[Site "http://www.queenalice.com/game.php?id=1015930"]
[Date "2011.12.5"]
[Round "-"]
[White "Quartet"]
[Black "TheBigBaluba"]
[Result "1-0"]
[WhiteElo "1400"]
[BlackElo "1395"]

1. e4 c5 2. Nf3 e6 3. d4 cxd4 4. Nxd4 Bc5 5. Nb3 b6 6. Nxc5 bxc5 7. Nc3 Bb7 8.
Bd3 Nf6 9. e5 Bxg2 10. Rg1 Bc6 11. exf6 Qxf6 12. Qh5 g6 13. Qxc5 Qh4 14. Bg5
Qxg5 15. Qxg5 O-O 16. Qh6 d5 17. Rg3 Nd7 18. Rh3 Nf6 19. Ne2 Rfe8 20. Ng3 Rab8
21. O-O-O Bd7 22. Nh5 1-0

[Event "Challenge"]
[Site "http://www.queenalice.com/game.php?id=1019283"]
[Date "2012.1.29"]
[Round "-"]
[White "Quartet"]
[Black "gisa2010"]
[Result "1-0"]
[WhiteElo "1423"]
[BlackElo "1338"]

1. e4 e5 2. Nf3 b5 3. Bxb5 f6 4. d4 Bb4+ 5. c3 Bd6 6. O-O Ne7 7. dxe5 fxe5 8.
Bg5 O-O 9. Bc4+ Rf7 10. Bxf7+ Kxf7 11. Nh4 h6 12. Bxe7 Qxe7 13. Qd5+ Qe6 14.
Qxa8 Qb3 15. axb3 c5 16. Rd1 Bb7 17. Qxb7 g5 18. Nf5 Bf8 19. Qxb8 h5 20. Rxd7+
Ke6 21. Qd6+ Bxd6 22. Rxd6+ Kf7 23. Rxa7+ Kg8 24. Rd8# 1-0

[Event "Challenge"]
[Site "http://www.queenalice.com/game.php?id=1022296"]
[Date "2012.1.31"]
[Round "-"]
[White "PRZ"]
[Black "Quartet"]
[Result "0-1"]
[WhiteElo "1393"]
[BlackElo "1418"]

1. c3 e5 2. Qb3 d5 3. Nf3 Nc6 4. h3 e4 5. Nd4 Na5 6. Qa4+ Nc6 7. Nxc6 Qd7 8. e3
Ne7 9. Bb5 bxc6 10. Ba6 Bxa6 11. Qxa6 Ng6 12. Qb7 Rc8 13. Qxa7 Bd6 14. Qd4 O-O
15. h4 Ne5 16. f3 exf3 17. g3 Ng4 18. b4 Bxg3+ 19. Kf1 Nh2+ 20. Rxh2 Bxh2 21.
Bb2 Qh3+ 22. Ke1 Qg2 23. Kd1 f2 24. Kc2 f1=Q 25. c4 Qxc4+ 26. Qxc4 dxc4 27. Nc3
Rfd8 28. Rd1 Bg1 29. Bc1 Bxe3 30. b5 Rb8 31. bxc6 Qg6+ 32. d3 cxd3+ 33. Rxd3
Qxd3# 0-1

[Event "GUM #1: L'esteta siciliano"]
[Site "http://www.queenalice.com/game.php?id=1023290"]
[Date "2012.1.31"]
[Round "-"]
[White "TheBigBaluba"]
[Black "Quartet"]
[Result "1-0"]
[WhiteElo "1393"]
[BlackElo "1454"]

1. g3 e5 2. Bg2 d5 3. d3 Nf6 4. Nf3 Nc6 5. b3 d4 6. O-O Be7 7. Bb2 O-O 8. c3 h6
9. cxd4 exd4 10. Nbd2 a5 11. Nc4 Bc5 12. a3 Re8 13. Qd2 Nd5 14. Qc2 b6 15. Rfe1
Qf6 16. Ncd2 Bg4 17. Ne4 Qe7 18. Nxc5 Qxc5 19. Qxc5 bxc5 20. Rac1 Rab8 21. Rxc5
Rxb3 22. Ba1 Nde7 23. Nxd4 Nxd4 24. Bxd4 Rxa3 25. h3 Be6 26. Rxc7 Nd5 27. Rb7
Bf5 28. Bxd5 1-0

[Event "2001 S.O. # 1: The down of Man"]
[Site "http://www.queenalice.com/game.php?id=1026325"]
[Date "2012.2.5"]
[Round "-"]
[White "Quartet"]
[Black "TheBigBaluba"]
[Result "0-1"]
[WhiteElo "1443"]
[BlackElo "1422"]

1. e4 c5 2. Nf3 Nc6 3. Bb5 Qb6 4. Nc3 a6 5. Bxc6 Qxc6 6. O-O e6 7. d4 cxd4 8.
Nxd4 Qb6 9. Rb1 Qc7 10. Re1 Bb4 11. Re3 Ne7 12. e5 Bxc3 13. bxc3 Nd5 14. Rg3
Nxc3 15. Qg4 Nxb1 16. Qxg7 Rf8 17. Rb3 Qc5 18. Ba3 Nxa3 0-1

[Event "GUM #2: Il quadro scoppiato"]
[Site "http://www.queenalice.com/game.php?id=1026867"]
[Date "2012.2.6"]
[Round "-"]
[White "TheBigBaluba"]
[Black "Quartet"]
[Result "1-0"]
[WhiteElo "1472"]
[BlackElo "1439"]

1. d4 Nf6 2. c4 e6 3. Nf3 d5 4. cxd5 exd5 5. a3 Bd6 6. Nc3 c6 7. e3 O-O 8. Bd3
Re8 9. O-O Ne4 10. Nd2 Nxd2 11. Bxd2 Qh4 12. g3 Qh3 13. e4 Bg4 14. f3 Be6 15. e5
Be7 16. b4 Bf5 17. Bxf5 Qxf5 18. Qb1 Qe6 19. Ne2 Na6 20. b5 Nc7 21. bxc6 Qxc6
22. Rc1 Qa6 23. Rxc7 Qxe2 24. Qd1 Qb5 25. Rb1 Qd3 26. Bb4 Qxd1+ 27. Rxd1 Bxb4
28. axb4 b6 29. b5 a5 30. bxa6 Rxa6 31. Rd7 Ra5 32. Rb1 f6 33. Rxb6 fxe5 34.
dxe5 Ra1+ 35. Kg2 Ra2+ 36. Kh3 Ra3 37. f4 d4 38. Rbb7 h5 39. Rxg7+ Kh8 40. f5 d3
41. Rh7+ 1-0

[Event "Challenge"]
[Site "http://www.queenalice.com/game.php?id=1027158"]
[Date "2012.2.6"]
[Round "-"]
[White "gisa2010"]
[Black "Quartet"]
[Result "0-1"]
[WhiteElo "1338"]
[BlackElo "1403"]

1. e4 e5 2. Nf3 Nc6 3. g3 d6 4. Bc4 Bg4 5. Bb5 Qf6 6. Be2 O-O-O 7. b4 Nxb4 8.
Ba3 d5 9. c3 dxe4 10. Ng1 Nd3+ 11. Bxd3 Bxd1 12. Kxd1 exd3 13. Nf3 Qxf3+ 14. Ke1
Qe2# 0-1

[Event "2001 S.O. # 2:Jupiter and beyond"]
[Site "http://www.queenalice.com/game.php?id=1028657"]
[Date "2012.2.10"]
[Round "-"]
[White "Quartet"]
[Black "TheBigBaluba"]
[Result "0-1"]
[WhiteElo "1420"]
[BlackElo "1491"]

1. e4 e5 2. Nf3 Nc6 3. Bb5 Nge7 4. O-O a6 5. Bxc6 Nxc6 6. d4 exd4 7. Nxd4 Nxd4
8. Qxd4 d6 9. Bh6 Qh4 10. Bxg7 Rg8 11. Bxf8 Bh3 12. g3 Bxf1 13. Bxd6 O-O-O 14.
Qd5 Qh3 15. e5 Bb5 16. Nd2 Bc6 0-1

[Event "GUM #3: Gli Oscuri"]
[Site "http://www.queenalice.com/game.php?id=1029080"]
[Date "2012.2.11"]
[Round "-"]
[White "TheBigBaluba"]
[Black "Quartet"]
[Result "1-0"]
[WhiteElo "1508"]
[BlackElo "1419"]

1. d4 Nf6 2. Bg5 Ne4 3. Nf3 Nxg5 4. Nxg5 e5 5. Nf3 e4 6. Nfd2 d5 7. e3 c6 8. c4
Bb4 9. Nc3 Bxc3 10. bxc3 O-O 11. cxd5 Qxd5 12. Bc4 Qg5 13. Rg1 Bf5 14. g4 Qg6
15. Qb1 b5 16. Rg3 Bd7 17. Bf1 Re8 18. a4 a6 19. Bg2 Qh6 20. axb5 cxb5 21. Rh3
Qg5 22. Nxe4 Qxg4 23. Nf6+ gxf6 24. Qxh7+ Kf8 25. Rg3 Ra7 26. Rxg4 Bxg4 27. d5
1-0

[Event "Challenge"]
[Site "http://www.queenalice.com/game.php?id=1031146"]
[Date "2012.2.19"]
[Round "-"]
[White "Quartet"]
[Black "phlopter"]
[Result "1-0"]
[WhiteElo "1415"]
[BlackElo "1443"]

1. e4 e5 2. Nf3 Nc6 3. Bb5 f6 4. O-O a6 5. Bxc6 dxc6 6. d4 Bg4 7. dxe5 Qxd1 8.
Rxd1 Bxf3 9. gxf3 fxe5 10. f4 exf4 11. Bxf4 Rd8 12. Nc3 Rd7 13. e5 Rf7 14. Bg3
Nh6 15. Ne4 Be7 16. e6 Rf5 17. Rd7 Bg5 18. Rxc7 Bf4 19. Nd6+ Bxd6 20. Bxd6 Kd8
21. Rd1 Rd5 22. Rxd5 cxd5 23. Rxb7 Nf5 24. Rb8# 1-0

[Event "Challenge"]
[Site "http://www.queenalice.com/game.php?id=1032594"]
[Date "2012.2.24"]
[Round "-"]
[White "Quartet"]
[Black "m_KP"]
[Result "1-0"]
[WhiteElo "1409"]
[BlackElo "1162"]

1. e4 a6 2. d4 d5 3. e5 e6 4. Nf3 Be7 5. c4 b6 6. Bd3 Bb7 7. O-O dxc4 8. Bxc4 b5
9. Be2 c5 10. dxc5 Qc7 11. b4 Nc6 12. Qe1 Nxe5 13. Nxe5 Qxe5 14. Bxb5+ axb5 15.
Qxe5 Bf6 16. Qe2 Bxa1 17. Qxb5+ 1-0

[Event "Mimandathebigbaluba"]
[Site "http://www.queenalice.com/game.php?id=1043826"]
[Date "2012.3.29"]
[Round "-"]
[White "Quartet"]
[Black "renet54"]
[Result "1-0"]
[WhiteElo "1440"]
[BlackElo "1627"]

1. e4 e5 2. Nf3 Nc6 3. Bc4 Bc5 4. O-O d6 5. h3 Bxh3 6. gxh3 Qd7 7. Kh2 O-O-O 8.
d3 Nf6 9. Ng5 Nd4 10. Nxf7 d5 11. Bxd5 Nxd5 12. Nxd8 Qxd8 13. exd5 Qxd5 14. Nc3
Nf3+ 15. Kg3 Qd7 16. Qxf3 Rf8 17. Qg4 Rf5 18. Ne4 g6 19. Nxc5 Qd6 20. Ne4 Qf8
21. Kg2 b6 22. Ng3 Kb8 23. Nxf5 gxf5 24. Qh5 Qg7+ 25. Kh2 f4 26. Rg1 Qd7 27.
Rg8+ Kb7 28. Qxe5 Qf7 29. Rg7 Qf8 30. Qxc7+ 1-0

[Event "Challenge"]
[Site "http://www.queenalice.com/game.php?id=1054527"]
[Date "2012.4.30"]
[Round "-"]
[White "Quartet"]
[Black "Zoe"]
[Result "1-0"]
[WhiteElo "1463"]
[BlackElo "1840"]

1. e4 c5 2. Nf3 d6 3. d4 cxd4 4. Nxd4 Nf6 5. Nc3 a6 6. Be2 e5 7. Nb3 Be7 8. O-O
O-O 9. Be3 Be6 10. Qd2 Nbd7 11. a4 Rc8 12. a5 Qc7 13. Rfd1 Nc5 14. Nxc5 dxc5 15.
Nd5 Bxd5 16. exd5 Bd6 17. c4 Nd7 18. h3 f5 19. Qc1 f4 20. Bd2 Nf6 21. Bc3 Ne4
22. Be1 Qf7 23. Bg4 Rce8 24. Be6 Rxe6 25. dxe6 Qxe6 26. Ra3 Rf6 27. f3 Ng3 28.
Bxg3 fxg3 29. Rad3 Bc7 30. Rd7 Qc6 31. Qg5 e4 32. Qxg7# 1-0